| 000 | 00592nam a2200217Ia 4500 | ||
|---|---|---|---|
| 001 | 670 | ||
| 008 | 230330n ii |||gr||||Z||||||465 | ||
| 020 | _a81-215-0015-X | ||
| 082 | _a954.162 | ||
| 100 |
_aBaruah, S.L, _eAuthor., |
||
| 245 | 0 |
_aA Comprehensive History of Assam / _cS.L.Baruah. _hTextual Documents |
|
| 260 |
_aNew Delhi : _bMunshiram Manoharlal , _c1995. |
||
| 300 |
_a728p. : : _bill ; ; _c21cm. . . |
||
| 504 | _aBib, Index | ||
| 653 | _aHistory-Assam | ||
| 653 | _aAssam history | ||
| 653 | _aPG-History | ||
| 653 | _aRef-History | ||
| 653 | _aG- History | ||
| 942 |
_2ddc _cBK |
||
| 999 |
_c668 _d668 |
||